Zoskupenie krajín EÚ podľa konceptov materiálnej deprivácie
Chudoba ako jeden z najväčších problémov rozvojových krajín, ale existuje aj v rozvinutých krajinách Európskej únie. Analýza jedného z čiastkových indikátorov chudoby, ktorým je materiálna deprivácia. Pod pojmom deprivácia sa rozumie pocit nedostatku, strata alebo neschopnosť dovoliť si určený štand...
Salvato in:
| Autore principale: | |
|---|---|
| Natura: | Capitolo di libro |
| Lingua: | slovacco |
| Soggetti: | |
| Tags: |
Nessun Tag, puoi essere il primo ad aggiungerne!!
|
MARC
| LEADER | 00000nla a2200000 4500 | ||
|---|---|---|---|
| 001 | 0243774 | ||
| 005 | 20251204125620.2 | ||
| 041 | 0 | |a slo | |
| 044 | |a SK | ||
| 245 | 1 | 0 | |a Zoskupenie krajín EÚ podľa konceptov materiálnej deprivácie |c Mária Vojtková |
| 520 | |a Chudoba ako jeden z najväčších problémov rozvojových krajín, ale existuje aj v rozvinutých krajinách Európskej únie. Analýza jedného z čiastkových indikátorov chudoby, ktorým je materiálna deprivácia. Pod pojmom deprivácia sa rozumie pocit nedostatku, strata alebo neschopnosť dovoliť si určený štandard. Rozdiely v priestorovom zoskupení krajín EÚ v závislosti od použitia dvoj alebo trojdimenzionálneho prístupu merania materiálnej deprivácie a identifikovaniee skupiny krajín a porovnanie ich pomocou zhlukových centroidov. | ||
| 610 | 2 | 0 | |a krajiny vyspelé |
| 610 | 2 | 0 | |a krajiny rozvojové |
| 610 | 2 | 0 | |a chudoba |
| 610 | 2 | 0 | |a deprivácia |
| 610 | 2 | 0 | |a deprivácia materiálna |
| 610 | 2 | 0 | |a analýza komparatívna |
| 610 | 2 | 0 | |a Európa |
| 100 | 1 | |a Vojtková, Mária, 1966- | |